[Event "8th Dolomiti Open 2017"]
[Site "Forni di Sopra"]
[Date "2017.06.13"]
[Round "4.1"]
[White "Korneev, Oleg"]
[Black "Matamoros Franco, Carlos S."]
[Result "1/2-1/2"]
[WhiteElo "2569"]
[BlackElo "2478"]
[Annotator "TA"]
[PlyCount "49"]
[EventDate "2017.??.??"]
[EventType "swiss"]
[EventCountry "ITA"]
[SourceTitle "playchess.com"]
[Source "ChessBase"]
[SourceQuality "1"]

{[%evp 13,49,35,31,44,45,28,28,22,38,8,3,0,3,5,8,0,0,-6,-8,-11,-31,-49,0,-8,-9,-7,-8,-8,-8,-8,-8,-9,-9,-9,-9,-14,-19,-7]} 1. e4 e5 2. Nf3 Nc6 3. Bc4 Nf6 4. d3 Be7 5. O-O O-O 6. Re1 d6 7. a4 Na5 8. Ba2 {C55: Two Knights: 4 d3, 4 d4 exd4 5 e5 and Max Lange Attack} c5 9. Nc3 {[%cal Bb1c3,Bc3e2,Be2g3,Bg3e4][%mdl 32]} (9. Nbd2 Be6 10. Bxe6 fxe6 11. c3 Nc6 12. Nf1 Ne8 13. Ng3 Nc7 14. Bd2 a6 15. Qe2 Qd7 {1-0 (39) Carlsen,M (2840)-Pavasovic,D (2548) chess.com INT 2017}) 9... Nc6 10. h3 {White has an edge.} Be6 11. Bg5 Bxa2 $146 ({Predecessor:} 11... Ne8 12. Be3 Bxa2 13. Rxa2 Nc7 14. Ra1 d5 15. exd5 Nxd5 {0-1 (54) Felgaer,R (2509)-Nikolic,P (2661) Bled 2002}) 12. Rxa2 Ne8 {[%cal Bf6e8,Be8c7,Bc7d5][%mdl 32]} 13. Bxe7 Nxe7 14. Ne2 Nc6 15. c3 d5 16. Qb3 Nc7 17. Ng3 Re8 18. a5 {The position is equal.} Rb8 19. exd5 Qxd5 20. Qxd5 Nxd5 21. Ne4 b6 22. axb6 axb6 23. Nfd2 Red8 24. Nc4 Nc7 25. Raa1 {Precision: White = 55%, Black = 85%.} 1/2-1/2

[Event "8th Dolomiti Open 2017"]
[Site "Forni di Sopra"]
[Date "2017.06.13"]
[Round "4.2"]
[White "Rotstein, Arkadij"]
[Black "Vezzosi, Paolo"]
[Result "1-0"]
[WhiteElo "2499"]
[BlackElo "2333"]
[Annotator "TA"]
[PlyCount "71"]
[EventDate "2017.??.??"]
[EventType "swiss"]
[EventCountry "ITA"]
[SourceTitle "playchess.com"]
[Source "ChessBase"]
[SourceQuality "1"]

{[%evp 9,71,4,20,-12,-18,-9,25,18,18,16,33,24,49,45,58,59,47,58,60,47,57,35,87,57,106,81,95,93,107,56,87,61,166,170,155,150,201,173,177,176,237,259,255,183,319,328,319,293,464,443,412,422,441,443,437,431,422,406,558,556,535,530,1158,1100]} 1. Nf3 Nf6 2. d4 c5 3. e3 g6 4. d5 Bg7 5. Nc3 O-O 6. Be2 {A48: 1 d4 Nf6 2 Nf3 g6: Torre, London and Colle Systems} (6. Bc4 d6 7. O-O Re8 8. e4 e6 9. Re1 exd5 10. Nxd5 Nc6 11. Bg5 Be6 {1-0 (34) Kramnik,V (2801)-Sjugirov,S (2674) Sochi 2016}) 6... d6 7. O-O Na6 8. e4 {White has an edge.} Nc7 9. a4 Rb8 10. Bf4 $146 ({Predecessor:} 10. Nd2 b6 11. f3 a6 12. Nc4 b5 13. Na5 Bd7 14. axb5 axb5 {0-1 (39) Cordioli,J (2064)-Delgado,L (2275) Curitiba 2010}) 10... Nh5 11. Bg5 h6 12. Be3 a6 13. Qd2 Kh7 14. Rab1 {[%cal Ba1b1,Bb1b3,Bb3b6,Bb6c6][%mdl 32]} Bd7 15. b4 $36 {[%mdl 2048] White has the initiative.} b6 (15... f5 $1 $14) 16. Rb3 e6 17. Rfb1 {aiming for bxc5.} Rc8 18. bxc5 bxc5 {[#]} 19. a5 (19. dxe6 $1 $16 Bxe6 20. Rb7) 19... exd5 20. Nxd5 Bc6 ({Black should try} 20... Nxd5 $14 21. exd5 Nf6) 21. Rb6 $18 Bxd5 22. exd5 Ra8 (22... f5 $16 23. Qd3 Nf6) 23. c4 Re8 24. Bd3 Ra7 (24... Re7 {is a better defense.} 25. Rc6 Ne8) 25. h3 Qd7 26. Rc6 Nf6 (26... Rea8 {keeps fighting.} 27. Rbb6 Ne8) 27. Bf4 Bf8 28. Rbb6 Ne4 (28... Na8 $142 29. Rxa6 Rxa6) 29. Qc2 Qe7 30. Bxe4 Qxe4 31. Qxe4 Rxe4 32. Bxd6 Bxd6 33. Rxd6 Rxc4 34. Rd7 {White is clearly winning.} Rc1+ 35. Kh2 Kg8 36. d6 {Precision: White = 65%, Black = 26%.} 1-0

[Event "8th Dolomiti Open 2017"]
[Site "Forni di Sopra"]
[Date "2017.06.13"]
[Round "4.3"]
[White "Qendro, Llambi"]
[Black "Stany, G.A."]
[Result "0-1"]
[WhiteElo "2328"]
[BlackElo "2489"]
[Annotator "TA"]
[PlyCount "42"]
[EventDate "2017.??.??"]
[EventType "swiss"]
[EventCountry "ITA"]
[SourceTitle "playchess.com"]
[Source "ChessBase"]
[SourceQuality "1"]

{[%evp 21,42,-171,-170,-204,-157,-230,-232,-232,-223,-244,-229,-227,-227,-222,-233,-243,-227,-253,-234,-671,-599,-29990,-29991]} 1. d4 Nf6 2. c4 g6 3. Nc3 d5 4. Nf3 Bg7 5. Bg5 dxc4 6. e3 Be6 7. Ne5 Nd5 8. Nxc4 {D91: Grünfeld: 4 Nf3 Bg7 5 Bg5} c5 (8... O-O 9. Rc1 Na6 10. e4 Nxc3 11. bxc3 f5 12. exf5 Rxf5 13. h4 Qf8 14. Qd2 Qf7 15. Ne3 Ra5 {1-0 (57) Adly,A (2605)-Salem,A (2489) Dubai 2011}) 9. Qa4+ Nc6 10. Ne5 O-O 11. Nxc6 bxc6 {LiveBook: 5 Games} 12. Nxd5 Bxd5 ({Don't play} 12... cxd5 13. Bb5 $17) 13. O-O-O $146 (13. f3 $17) ({Predecessor:} 13. Rc1 cxd4 14. exd4 Qb6 15. Be3 Qxb2 {0-1 (38) Roig Squar,J (2092)-Luijpen,M (2126) Calvia 2006}) 13... cxd4 $19 14. exd4 Qd6 15. Qa3 c5 16. dxc5 {[#]} Bxb2+ $1 {[%mdl 512]} 17. Kxb2 ({But not} 17. Qxb2 $2 Qxc5+ 18. Qc2 Qa3+ 19. Kd2 (19. Qb2 $2 Rac8+ 20. Kd2 Qxb2+ $19) 19... Rfc8 $19) 17... Qe5+ 18. Kc2 {Threatens to win with Bh6.} Qxg5 19. Qe3 Qf5+ 20. Kb2 $2 (20. Bd3 Qf6 21. Rhe1) 20... Rab8+ 21. Ka1 Qc2 0-1

[Event "8th Dolomiti Open 2017"]
[Site "Forni di Sopra"]
[Date "2017.06.13"]
[Round "4.4"]
[White "Castellanos Rodriguez, Renier"]
[Black "Barp, Alberto"]
[Result "1-0"]
[WhiteElo "2488"]
[BlackElo "2233"]
[Annotator "TA"]
[PlyCount "121"]
[EventDate "2017.??.??"]
[EventType "swiss"]
[EventCountry "ITA"]
[SourceTitle "playchess.com"]
[Source "ChessBase"]
[SourceQuality "1"]

{[%evp 18,121,19,9,21,27,18,21,43,43,54,54,136,135,135,126,148,106,119,89,106,81,95,95,107,89,89,85,108,65,89,88,89,80,124,104,135,123,127,85,96,116,145,143,137,125,137,109,150,149,177,174,175,179,183,175,195,191,188,162,154,147,185,169,200,186,193,183,200,186,186,186,186,186,187,185,206,206,206,193,206,206,206,206,206,206,272,272,283,266,427,252,252,276,273,249,251,244,523,600,567,572,773,763,1480,1474]} 1. d4 d5 2. c4 e6 3. Nf3 c6 4. e3 Nf6 5. b3 Nbd7 6. Bd3 Bd6 7. Bb2 b6 8. O-O Bb7 9. Nc3 O-O 10. Qc2 Rc8 {D45: Semi-Slav: 5 e3} (10... Qe7 11. Rad1 Rac8 12. Qb1 c5 13. cxd5 exd5 14. Bf5 Rcd8 15. Rfe1 Rfe8 16. Bh3 Ne4 17. dxc5 Ndxc5 18. Nb5 {1-0 (36) Karjakin,S (2785)-Lu,S (2627) Doha 2016}) 11. Rad1 c5 12. Qe2 dxc4 {The position is equal.} 13. bxc4 Qe7 $146 ({Predecessor:} 13... cxd4 14. exd4 Re8 15. Ne5 Qe7 16. Qe3 Nf8 17. Rfe1 Bxe5 18. dxe5 {1-0 (27) Schauwecker,M-Ott,R Arosa 1972}) 14. d5 e5 ({Better is} 14... Rcd8 $14) 15. Nd2 g6 16. Bc2 Ne8 17. Kh1 Bb8 18. Ba4 Rd8 19. Rde1 Nd6 20. Bc2 Ba6 21. a4 f5 22. e4 f4 23. a5 Nf6 24. axb6 axb6 25. Ra1 Bc8 26. Ra8 Bb7 {[#]} 27. Ra3 $1 g5 28. f3 h5 29. Rg1 h4 30. h3 Nh5 31. Kh2 Ng3 32. Qd3 Rf6 33. Nd1 Bc8 34. Nf2 Nf7 35. Rb1 Nh6 36. Bd1 Rd7 37. Ra8 Qd6 38. Qc3 Re7 39. Kg1 Bb7 40. Ra3 Nh5 41. Nf1 Rf8 42. Nh2 Nf6 43. Ba4 Bc7 44. Bb5 Ra8 45. Rxa8+ Bxa8 46. Ra1 {[%cal Bb1a1,Ba1a6,Ba6a7][%mdl 32]} Bb7 47. Ba6 Bxa6 48. Rxa6 Re8 49. Qa3 Rb8 50. Qa4 Kf8 51. Nd3 Nd7 52. Qb5 Rc8 53. Ra7 Rd8 $2 {[#]} (53... Ke7 54. Qa6 Rb8) 54. Kf1 (54. Qc6 $142 Bb8 55. Rb7) 54... Rc8 $18 55. Ke2 Ke7 56. Bc3 Kd8 57. Qb2 b5 $2 (57... Qf6 58. Nf2 Qe7) 58. Qxb5 {White is clearly winning.} Rb8 59. Qa4 Rb1 60. Nf1 Nb6 61. Qa2 {Precision: White = 69%, Black = 26%.} 1-0

[Event "8th Dolomiti Open 2017"]
[Site "Forni di Sopra"]
[Date "2017.06.13"]
[Round "4.5"]
[White "Anurag, Mhamal"]
[Black "Derakhshani, Dorsa"]
[Result "1-0"]
[WhiteElo "2466"]
[BlackElo "2321"]
[Annotator "TA"]
[PlyCount "67"]
[EventDate "2017.??.??"]
[EventType "swiss"]
[EventCountry "ITA"]
[SourceTitle "playchess.com"]
[Source "ChessBase"]
[SourceQuality "1"]

{[%evp 21,67,35,36,36,27,31,25,3,19,0,0,-1,2,-7,-4,-12,-23,-36,-12,-17,0,0,0,-10,39,27,22,31,33,-4,18,25,98,98,89,85,304,292,305,263,618,598,607,594,729,731,715,711]} 1. Nf3 Nf6 2. g3 b6 3. Bg2 Bb7 4. O-O e6 5. b3 Be7 6. Bb2 O-O 7. c4 c5 8. d4 d5 9. cxd5 exd5 10. Nc3 Nbd7 11. Rc1 Rc8 12. Nh4 {E17: Queen's Indian: 4 g3 Bb7 5 Bg2 Be7} (12. dxc5 bxc5 13. Nh4 Nb6 14. Nf5 Re8 15. Nxe7+ Qxe7 16. e3 d4 17. exd4 Bxg2 18. Kxg2 c4 19. Re1 Qd7 {1-0 (33) Gabuzyan,H (2582)-Martirosyan,H (2328) Yerevan 2014}) 12... g6 13. dxc5 Nxc5 14. Nf3 {White has an edge.} Nfe4 15. Bh3 f5 16. Nb5 Qd7 17. Nbd4 (17. Nxa7 Ra8 $17) (17. Qd4 $2 Bf6 $19) 17... Bf6 18. Rc2 $146 ({Predecessor:} 18. Ba1 a5 {½-½ (18) Naranja,R (2395)-Sosonko,G (2450) Nice 1974}) 18... a5 19. Qa1 Qg7 {Threatens to win with ...Nxb3!} 20. Qc1 Nd6 {aiming for ...g5.} 21. Rd1 Rfe8 22. Bg2 Re7 23. h4 {[%cal Bh2h4,Bh4h5,Bh5g6,Bg6g7][%mdl 32]} Rec7 24. Qf4 Nde4 {Black wants to play ...Nxf2!} 25. Rcc1 Ba6 {With the idea ...Bxe2!} 26. Ba1 h6 {[#]} (26... Re8 $11 {keeps the balance.}) 27. h5 $1 $16 {[%mdl 512]} g5 (27... gxh5 28. Nxf5) 28. Qxf5 g4 $2 (28... Qf7 $16) 29. Nh2 $18 {And now Bxe4 would win.} ({Much less strong is} 29. Qxd5+ $6 Qf7 $16) 29... Rf7 {Strongly threatening ...Bxd4.} 30. Qg6 ({Not} 30. Qxg4 Nxf2 31. Qxg7+ Bxg7 $14) 30... Nxf2 $2 {[#]} (30... Qxg6 31. hxg6 Rg7) 31. Nf5 {White is clearly winning.} Qxg6 32. hxg6 Rff8 33. Bxd5+ Kh8 34. g7+ {Precision: White = 63%, Black = 31%.} ({Less strong is} 34. Kxf2 Bxa1 35. Bf7 Ne4+ 36. Ke3 Rce8 $18) 1-0

[Event "8th Dolomiti Open 2017"]
[Site "Forni di Sopra"]
[Date "2017.06.13"]
[Round "4.6"]
[White "Remille, Tristan"]
[Black "Bruno, Fabio"]
[Result "0-1"]
[WhiteElo "2309"]
[BlackElo "2427"]
[Annotator "TA"]
[PlyCount "128"]
[EventDate "2017.??.??"]
[EventType "swiss"]
[EventCountry "ITA"]
[SourceTitle "playchess.com"]
[Source "ChessBase"]
[SourceQuality "1"]

{[%evp 12,128,3,-7,37,34,50,33,40,37,55,32,56,47,48,38,58,40,54,54,130,86,78,36,39,32,37,41,95,78,92,13,12,12,12,20,13,12,20,29,18,-19,-15,-17,0,0,0,-17,-23,-27,-19,-25,-7,-18,-5,-21,-9,-23,-5,-11,-10,-10,-8,-8,0,0,0,-15,-3,-9,0,-14,0,-10,-8,-10,-8,-8,-8,-8,-8,-8,-8,-8,-8,-10,-14,-31,-31,-25,-25,-29,-30,-30,-30,-31,-31,-71,-93,-95,-76,-85,-85,-71,-71,-71,-71,-71,-71,-422,-80,-893,-825,-1245,-1443,-5046,-4575,-29984,-29983]} 1. e4 e6 2. d4 d5 3. Nd2 c5 4. exd5 Qxd5 5. dxc5 Bxc5 6. Ngf3 Nf6 7. Bc4 Qd7 {C07: French Tarrasch: 3...c5, 4 Ngf3 and 4 exd5 Qxd5} (7... Qc6 8. O-O Nbd7 9. Qe2 a6 10. a4 b6 11. Nb3 Bb7 12. Nxc5 Nxc5 13. b4 Ncd7 14. Rd1 O-O 15. b5 {½-½ (31) Zherebukh,Y (2605)-So,W (2822) Saint Louis 2017}) 8. Qe2 Nc6 9. O-O a6 $146 {White is slightly better.} ({Predecessor:} 9... O-O 10. Ne4 Be7 11. Rd1 Qc7 12. Bg5 Nh5 13. Bxe7 Nf4 14. Qd2 Nxe7 15. b3 {0-1 (79) Gavrilov,A (2496)-Ponkratov,P (2598) St Petersburg 2012}) 10. Rd1 Qc7 11. Ne4 Be7 12. a4 Bd7 13. b3 Nxe4 14. Qxe4 Bf6 15. Bf4 Qa5 (15... Qc8 $14) 16. Rab1 Rd8 17. Ng5 Bc8 18. h4 h6 19. Nf3 Ke7 (19... O-O $14) 20. Bd2 Bc3 21. Be3 ({White should play} 21. Bxc3 $16 Qxc3 22. Re1) 21... Rxd1+ 22. Rxd1 Rd8 23. Rxd8 Kxd8 24. Qh7 Bd7 25. Qg8+ Ke7 26. Qh8 Be8 27. Qh7 Qb4 28. Qd3 Na5 29. Bd2 Bxd2 30. Qxd2 Qxd2 31. Nxd2 $11 {[%mdl 4096] Endgame KBN-KBN} Kd6 32. Ne4+ Kc7 33. Be2 Nc6 34. Kf1 Nd4 35. Bd1 a5 36. c3 Nf5 37. g3 Bc6 38. Nd2 Nd6 39. Be2 b6 40. Bd3 Nb7 41. Be4 Bd7 42. Bxb7 Kxb7 {KB-KN} 43. Ke2 e5 44. Ke3 Kc6 45. Ke4 f6 46. f4 exf4 47. Kxf4 Be6 48. Ke4 Kc5 49. Kd3 Bf5+ 50. Ke3 Bc2 51. Ke2 Kd5 52. Ke3 g5 53. Ke2 Ke5 54. Nc4+ Ke4 {...Bd3+ is the strong threat.} 55. Nd2+ {[#]} Kf5 $1 56. hxg5 fxg5 57. Kf2 Ke6 58. Ke3 Kd5 59. Ke2 h5 60. Ke3 $2 {[%mdl 8192]} (60. Kf2 $17) 60... Bd1 $2 (60... h4 $19 61. gxh4 gxh4) 61. Kd3 $2 {[%mdl 8192]} (61. Kf2 $17) 61... h4 $19 62. gxh4 gxh4 63. b4 axb4 64. Nc4 {[#]} Be2+ $1 {[%mdl 512] Precision: White = 40%, Black = 61%.} 0-1

[Event "8th Dolomiti Open 2017"]
[Site "Forni di Sopra"]
[Date "2017.06.13"]
[Round "4.7"]
[White "Basso, Pier Luigi"]
[Black "Stelzer, Harald"]
[Result "1-0"]
[WhiteElo "2448"]
[BlackElo "2272"]
[Annotator "TA"]
[PlyCount "42"]
[EventDate "2017.??.??"]
[EventType "swiss"]
[EventCountry "ITA"]
[SourceTitle "playchess.com"]
[Source "ChessBase"]
[SourceQuality "1"]

{[%evp 12,42,39,27,30,34,44,23,28,25,27,28,45,40,60,62,80,70,81,80,77,71,83,83,83,85,85,85,81,81,81,59,51]} 1. d4 d5 2. c4 c6 3. Nc3 Nf6 4. e3 a6 5. Qc2 g6 6. Bd3 Bg7 7. Nf3 Nbd7 {D10: Slav Defence: 3 cxd5 (without early Nf3) and 3 Nc3} (7... O-O 8. O-O Bg4 9. Ne5 Be6 10. b3 c5 11. cxd5 Nxd5 12. Nxd5 Bxd5 13. Qxc5 Bxe5 14. dxe5 Bxg2 15. Rd1 Nd7 16. Qd4 Bf3 17. Rd2 e6 18. Qf4 Bc6 19. Bb2 Nc5 20. Bxg6 {½-½ (20) Nepomniachtchi,I (2728)-Malakhov,V (2702) Sochi 2015}) 8. O-O O-O 9. h3 b5 {White has an edge.} 10. b3 {[%cal Bb2b3,Bb3b4][%mdl 32]} Bb7 11. c5 Qc7 12. Bb2 Rae8 13. b4 $146 ({Predecessor:} 13. Ne2 Kh8 14. a4 Ng8 15. Rfc1 {1-0 (50) Jorgensen,P (2265)-Pallesen,J (2051) Copenhagen 2004}) 13... e5 14. dxe5 Nxe5 15. Nxe5 Rxe5 16. a4 {[%cal Ra4b5]} Ree8 17. Ne2 Ra8 18. Bd4 Nd7 19. Bxg7 Kxg7 20. Nd4 Qe5 21. Bxb5 axb5 {Precision: White = 73%, Black = 42%.} 1-0

[Event "8th Dolomiti Open 2017"]
[Site "Forni di Sopra"]
[Date "2017.06.13"]
[Round "4.8"]
[White "Herbrechtsmeier, Christof"]
[Black "Bellia, Fabrizio"]
[Result "0-1"]
[WhiteElo "2240"]
[BlackElo "2432"]
[Annotator "TA"]
[PlyCount "96"]
[EventDate "2017.??.??"]
[EventType "swiss"]
[EventCountry "ITA"]
[SourceTitle "playchess.com"]
[Source "ChessBase"]
[SourceQuality "1"]

{[%evp 16,96,0,-9,0,-4,-3,-55,-61,-62,-61,-60,-60,-59,-59,-60,-60,-58,-47,-152,-85,-95,-94,-78,-99,-108,-71,-66,-65,-66,-66,-72,-76,-72,-49,-51,-42,-78,-62,-51,-23,-64,-55,-123,-91,-110,-110,-110,-108,-106,-91,-106,-110,-348,-348,-348,-348,-348,-348,-331,-331,-341,-334,-303,-88,-81,-81,-68,-65,-133,-137,-195,-195,-203,-189,-234,-26,-188,-123,-984,-68,-29988,-29989]} 1. e4 c6 2. c4 d5 3. cxd5 cxd5 4. exd5 Nf6 5. Bb5+ Nbd7 6. Nc3 a6 7. Qa4 Rb8 8. Bxd7+ Bxd7 9. Qb3 b5 {B10: Caro-Kann: 2 d3 and 2 c4} 10. d3 (10. Nf3 b4 11. Nd1 e6 12. Ne3 exd5 13. O-O Bd6 14. d4 O-O 15. Ne5 Rb5 16. Qd3 Re8 17. Nxd7 Qxd7 {1-0 (46) Miezis,N (2557)-Iordachescu,V (2644) Dubai 2012}) 10... b4 11. Bf4 (11. Ne4 $11) 11... Rc8 $1 $15 {Black is slightly better.} 12. Ne4 Qa5 13. Nxf6+ exf6 14. Rc1 $146 ({Predecessor:} 14. d4 Bf5 15. Ne2 Be7 16. d6 Be6 17. d5 Bxd5 18. Qe3 b3+ 19. Nc3 {1-0 (19) Poldauf,D (2425)-Feller,J (2230) Berlin 1993}) 14... Rxc1+ 15. Bxc1 Bd6 {White must now prevent ...0-0.} 16. Ne2 O-O {And now ...Rc8 would win.} 17. Bd2 (17. O-O $1 $15) 17... Rc8 (17... Re8 $142 18. h4 Bg4) 18. a3 $17 Ba4 19. axb4 Qb5 $1 20. Qa3 {Black should prevent 0-0.} Bc2 21. O-O Bxd3 22. Rc1 $1 {[%cal Rc1c8]} Rxc1+ 23. Nxc1 Bc4 24. Qa5 Qb8 {[%mdl 1024] Black has strong compensation.} (24... Qd7 $5 {[%cal Rd7g4]} 25. h3 Bc7 $17) 25. h3 h5 26. b3 Bb5 27. Qa1 $1 Bh2+ 28. Kh1 Be5 29. Bc3 ({White should try} 29. Qb1 $15) 29... Qd6 30. Qb2 Qxd5 31. Qd2 Qe4 $40 {[%mdl 128] Black has strong attack.} 32. f3 Qh4 33. Bxe5 (33. Qd8+ $2 Kh7 $19) 33... fxe5 34. Ne2 $2 (34. Qc2 $17 {was necessary.}) 34... Qf2 $19 35. Qd8+ Kh7 36. Ng1 Bf1 {[%csl Gf1][%cal Rf2g2]} 37. Qg5 g6 38. Kh2 h4 $1 39. f4 e4 $2 {[#]} ({Not} 39... exf4 40. Kh1 $17) ({Don't play} 39... Qxf4+ 40. Qxf4 exf4 41. Nf3 $17) (39... f6 $19 40. Qg4 e4) 40. f5 $1 $17 {[%mdl 512]} Qxf5 41. Qxh4+ Kg7 42. Qe1 (42. Qg3 $15) 42... Qf4+ 43. g3 (43. Kh1 $17 {might work better.}) 43... Qf5 {Threatens to win with ...e3!} 44. Qe3 {[#]} g5 $1 45. h4 f6 $2 (45... Kg6 $19 {...f6 is the strong threat.} 46. hxg5 Kh5) 46. Kh1 $2 {[#]} (46. Qc5 $11 {and White is okay.} Qe5 47. Qxe5 fxe5 48. Nh3) 46... Kg6 (46... g4 $1 $19 47. Kh2 Bd3) 47. hxg5 $2 {[%mdl 8192]} (47. Kh2 $17) 47... fxg5 $2 (47... Qg4 $19 {( -> ...Qh5+)} 48. Qf2 Qh5+ 49. Nh3 Qxh3+ 50. Kg1 f5) 48. Qe1 $2 {[%mdl 8192]} (48. Kh2 $15) 48... Kf7 {Precision: White = 41%, Black = 64%.} 0-1

[Event "8th Dolomiti Open 2017"]
[Site "Forni di Sopra"]
[Date "2017.06.13"]
[Round "4.9"]
[White "De Santis, Alessio"]
[Black "Naumkin, Igor"]
[Result "1/2-1/2"]
[WhiteElo "2242"]
[BlackElo "2401"]
[Annotator "TA"]
[PlyCount "23"]
[EventDate "2017.??.??"]
[EventType "swiss"]
[EventCountry "ITA"]
[SourceTitle "playchess.com"]
[Source "ChessBase"]
[SourceQuality "1"]

{[%evp 18,19,16,18]} 1. Nf3 Nf6 2. b3 d5 3. Bb2 c5 4. e3 e6 5. c4 Nc6 6. cxd5 exd5 7. Be2 Bd6 8. d4 {A13: English Opening: 1...e6} cxd4 9. Nxd4 O-O (9... Bb4+ 10. Bc3 Qa5 11. Bxb4 Qxb4+ 12. Qd2 Nxd4 13. exd4 a5 14. O-O Ne4 15. Qe3 O-O {0-1 (26) Kryvoruchko,Y (2710)-Ganguly,S (2652) Berlin 2015}) 10. Nc3 {LiveBook: 3 Games} {Predecessor:} Nxd4 $146 11. Qxd4 Re8 12. Qd2 {½-½ (12) Le Savouroux,H (1854)-Beck,G (1940) ICCF email 2012} 1/2-1/2

[Event "8th Dolomiti Open 2017"]
[Site "Forni di Sopra"]
[Date "2017.06.13"]
[Round "4.10"]
[White "Henderson de La Fuente, Lance"]
[Black "Pitzanti, Matteo"]
[Result "1-0"]
[WhiteElo "2365"]
[BlackElo "2242"]
[Annotator "TA"]
[PlyCount "115"]
[EventDate "2017.??.??"]
[EventType "swiss"]
[EventCountry "ITA"]
[SourceTitle "playchess.com"]
[Source "ChessBase"]
[SourceQuality "1"]

{[%evp 11,115,-3,0,0,0,-7,-7,0,10,5,7,0,0,7,5,0,8,0,9,13,10,1,33,35,0,-4,24,0,-10,-85,106,82,82,75,115,99,105,83,83,73,99,99,99,99,99,99,99,99,99,99,99,0,99,0,99,99,99,74,99,99,99,99,118,99,129,134,216,217,234,0,163,131,147,70,80,71,81,68,77,65,50,43,184,161,545,535,915,362,1284,1244,1314,1153,1347,1316,1298,1276,7332,7138,5883,5002,11691,12848,6518,6531,6270,6270]} 1. e4 c6 2. d4 d5 3. e5 c5 4. dxc5 e6 5. a3 Bxc5 6. b4 {B12: Caro-Kann: Advance Variation} (6. Nf3 Ne7 7. Bd3 Ng6 8. O-O Nc6 9. b4 Bb6 10. Bb2 Nf4 11. c4 Nxd3 12. Qxd3 dxc4 13. Qxc4 {1-0 (30) Karjakin,S (2783)-Topalov,V (2741) Shamkir 2017}) 6... Be7 {LiveBook: 4 Games} 7. Qg4 g6 8. Nf3 {The position is equal.} a5 9. b5 Nd7 10. Bd3 Qc7 $146 ({Predecessor:} 10... h5 11. Qf4 Nh6 12. O-O b6 {½-½ (30) Poleshchuk,N (2472)-Mayer,R (2464) ICCF email 2012}) 11. Bb2 b6 12. O-O Bb7 13. Nbd2 Nc5 14. Rac1 h5 15. Qf4 h4 16. Nb3 Qd8 17. h3 Nh6 18. Nxc5 bxc5 19. Rfd1 g5 20. Qe3 {[#]} (20. Qa4 $11 {keeps the balance.}) 20... Rc8 $2 (20... g4 $1 $17 {And now ...d4 would win.} 21. hxg4 Nxg4) 21. c4 $16 d4 {[#]} 22. Qe2 $1 Qb6 23. Nh2 Kd7 24. Ng4 Nxg4 25. Qxg4 Kc7 26. Rc2 Kb8 27. Bc1 Rcf8 28. Re2 ({Not} 28. Bxg5 Bxg5 29. Qxg5 Rfg8 $17) 28... Rhg8 29. Rde1 Bd8 30. Bd2 Be7 31. Bc1 Bd8 $1 32. Rd1 {[%cal Be1d1,Bd1d3,Bd3f3][%mdl 32]} Be7 33. Bh7 Rg7 34. Be4 Rfg8 35. a4 Ka7 36. Rd3 Bc8 37. Rf3 Bd7 38. Bd2 Bd8 (38... Kb8 $16 {was worth a try.} 39. Re1 Bd8) 39. Qh5 $18 Be8 {aiming for ...f5.} 40. Qg4 Bd7 $1 41. Rf6 Qb8 42. Bf3 ({White should try} 42. Rh6 $16) 42... Bxf6 $14 43. exf6 Rg6 44. Bxa5 Rxf6 {[#]} 45. Bb4 $1 $40 {[%mdl 640] White has some attack.} Qd6 (45... cxb4 46. Qxd4+) 46. Bd2 $1 {[%cal Bb4d2,Bd2g5,Bg5e7,Be7c5][%mdl 32]} Rb8 ({Better is} 46... e5 $14 47. Qe4 Rxf3 48. Qxf3 f6) 47. Bxg5 Rg6 $2 (47... e5 48. Qe4 (48. Qxh4 Rxf3 49. gxf3 Rg8 $11) 48... Rg6 49. Qxh4 (49. Bxh4 Bxh3 50. a5 d3 $18) (49. Qxe5 Qxe5 50. Rxe5 f6 $16) 49... d3) 48. Qxh4 $18 d3 49. Rd2 $2 (49. Be7 dxe2 50. Bxd6 e1=Q+ 51. Kh2) 49... e5 $2 (49... Qd4 50. Be7 Qxh4 51. Bxh4 e5 52. Rxd3 Bxh3) 50. Be7 {White is clearly winning.} Qc7 51. Rxd3 Bf5 52. Rd5 e4 53. Bxc5+ Kb7 54. Bxe4 Bxe4 55. Qxe4 {Threatening mate with Rd7+.} Re6 56. Re5+ Kc8 57. Rxe6 fxe6 58. Qxe6+ {Precision: White = 59%, Black = 44%.} 1-0